Представление документа в формате RUSMARC

ПолеНазваниеЗначение
  Тип записи a
  Библиографический уровень m
001 Контрольный номер RU/УОНБ/EK/498065896
005 Дата корректировки 20250520121947.9
010 Индекс ISBN __
a ISBN 978-5-389-08527-5
d Цена 304 р.
9 Тираж 4000 экз.
b Уточнения в пер.
100 Данные общей обработки __
a Данные общей обработки 20111107d2015 d y rusc0189||||ca
101 Язык документа 0_
a Язык текста rus
102 Страна публикации __
a Страна публикации RU
105 Кодированные данные (монография) __
a Кодированные данные (монография) a z 000yd
200 Заглавие и сведения об ответственности 1_
a Заглавие Великие полководцы
e Сведения, относящиеся к заглавию [рассказы]
f Первые сведения об ответственности О. Тихомиров
g Последующие сведения об ответственности худож. О. Пархаев
210 Выходные данные 1_
a Место издания Москва
c Издательство Махаон
d Дата издания 2015
215 Физическое описание __
a Объем 141, [2] с.
c Иллюстрации/тип воспроизводства ил., цв. ил.
d Формат 25 см
225 Серия 2_
a Серия История Отечества
300 Общие примечания __
a Общие примечания 0+
606 Тематические рубрики 0_
a Основная рубрика Исторические романы и рассказы (х. л.)
610 Ключевые слова 0_
a Ключевые слова проза историческая русская
610 Ключевые слова 0_
a Ключевые слова проза историческая детская
686 Индексы других классификаций __
a Классификационный индекс 84Р2-42
2 Код системы rubbk
700 Автор _1
a Фамилия Тихомиров
b Имя (инициалы) О.Н.
g Полное личное имя Олег Николаевич
f Даты 1934-
702 Вторичная интеллектуальная ответственность _1
a Фамилия Пархаев
b Имя (инициалы) О.
4 Код отношения 040
801 Источник записи _0
a Страна RU
b Организация RuMoRKP
c Дата составления 20111107
g Правила каталогизации RCR
801 Источник записи _2
a Страна RU
b Организация РГБ
c Дата составления 20141002
g Правила каталогизации rcr
801 Источник записи _1
a Страна RU
b Организация Ульяновская ОНБ
c Дата составления 20151013
2 Код формата rusmarc
901 Тип документа __
t Тип документа m
909 Создатель записи __
a Создатель записи Долгова
b Дата создания записи 20151216
938 Служебная информация __
a Имя БД books
b Имя библиотеки УОНБ
c Имя АИБС МАРК-SQL
d Номер DOC_ID в БД 317502